[Cingerová, N., Dulebová, I., Štefančík, R. 2021. Politická lingvistika. Bratislava: Ekonóm]

Recenzia na vysokoškolskú učebniceu Politická lingvistika (Nina Cingerová, Irina Dulebová a Radoslav Štefančík).

Saved in:
Bibliographic Details
Main Author: Stradiotová, Eva, 1963-
Format: Book Chapter
Language:Slovak
Subjects:
Tags: Add Tag
No Tags, Be the first to tag this record!

MARC

LEADER 00000naa a2200000 4500
001 0294269
005 20240502074504.3
041 0 |a slo 
044 |a SK 
245 1 0 |a [Cingerová, N., Dulebová, I., Štefančík, R. 2021. Politická lingvistika. Bratislava: Ekonóm]  |c Eva Stradiotová 
520 |a Recenzia na vysokoškolskú učebniceu Politická lingvistika (Nina Cingerová, Irina Dulebová a Radoslav Štefančík). 
610 2 0 |a jazykoveda 
610 2 0 |a učebnice 
610 2 0 |a recenzie 
100 1 |a Stradiotová, Eva, 1963-